Pokémon - Toutes les capacités - Statistiques

Statistiques générales
  • Ce quiz a été pris 109 fois
    35 depuis la dernière actualisation
  • Le résultat moyen est 275 sur 919
Statistiques - réponses
Jeux Capacités Numéros % Correct
RB Charge 33
95%
RB Psyko 94
86%
RB Vol 19
86%
RB Flammèche 52
82%
RB Laser Glace 58
82%
RB Surf 57
82%
RB Tonnerre 85
82%
RB Vive-Attaque 98
82%
RB Blizzard 59
77%
RB Coupe 15
77%
RB Griffe 10
77%
RB Poing Feu 7
77%
RB Séisme 89
77%
DP Atterrissage 355
73%
RB Bulles d'O 61
73%
RB Danse Lames 14
73%
RB Éclair 84
73%
RB Fatal-Foudre 87
73%
RB Mimique 119
73%
RB Poing Glace 8
73%
RB Rugissement 45
73%
RB Tranche 163
73%
RB Ultralaser 63
73%
RS Danse Draco 349
68%
OA Danse Pluie 240
68%
RS Feu Follet 261
68%
RB Force 70
68%
OA Giga-Sangsue 202
68%
RB Lance-Flammes 53
68%
RB Para-Spore 78
68%
DP Piège de Roc 446
68%
OA Queue de Fer 231
68%
RB Soin 105
68%
RB Tranch'Herbe 75
68%
RB Trempette 150
68%
RB Tunnel 91
68%
OA Ball'Ombre 247
64%
RB Cascade 127
64%
RB Combo-Griffe 154
64%
RB Copie 102
64%
DP Crocs Feu 424
64%
DP Crocs Givre 423
64%
RB Éboulement 157
64%
RB Écras'Face 1
64%
RB Lance-Soleil 76
64%
OA Mâchouille 242
64%
RB Méga-Sangsue 72
64%
RB Morsure 44
64%
RB Pistolet à O 55
64%
RB Poing Éclair 9
64%
RB Protection 115
64%
RS Rebond 340
64%
OA Roulade 205
64%
RB Spore 147
64%
RB Vole-Vie 71
64%
OA Abri 182
59%
DP Aqua-Jet 453
59%
DP Avalanche 419
59%
RB Cage Éclair 86
59%
RB Déflagration 126
59%
DP Draco-Météore 434
59%
NB Ébullition 503
59%
XY Éclat Magique 605
59%
RS Grêle 258
59%
RB Hypnose 95
59%
DP Lame de Roc 444
59%
RS Plongée 291
59%
RB Poudre Dodo 79
59%
RB Puissance 116
59%
OA Tempête de Sable 201
59%
RB Toxik 92
59%
OA Zénith 241
59%
RS Aéropique 332
55%
RS Bâillement 281
55%
RS Balle Graine 331
55%
NB Boule Élek 486
55%
XY Câlinerie 583
55%
DP Close Combat 370
55%
OA Colère 200
55%
DP Crocs Éclair 422
55%
RB Dard-Venin 40
55%
RB Destruction 120
55%
DP Draco-Choc 406
55%
NB Draco-Queue 525
55%
OA Éclate-Roc 249
55%
RB Explosion 153
55%
RB Fouet Lianes 22
55%
XY Hantise 566
55%
RB Hurlement 46
55%
RB Hydrocanon 56
55%
RS Lame Feuille 348
55%
RS Mur de Fer 334
55%
RB Mur Lumière 113
55%
DP Pics Toxik 390
55%
XY Pouvoir Lunaire 585
55%
DP Rapace 413
55%
RB Téléport 100
55%
RS Tomberoche 317
55%
RB Tornade 16
55%
RB Vampigraine 73
55%
OA Vitesse Extrême 245
55%
RB Acide 51
50%
RB Armure 106
50%
OA Attraction 213
50%
RB Bélier 36
50%
OA Blabla Dodo 214
50%
DP Bourdon 405
50%
OA Cadeau 217
50%
DP Coupe Psycho 427
50%
RB Cru-Ailes 17
50%
RB Dévorêve 138
50%
DP Draco-Charge 407
50%
OA Étincelle 209
50%
RB Flash 148
50%
DP Griffe Ombre 421
50%
RB Guillotine 12
50%
DP Hurle-Temps 459
50%
RB Jet de Sable 28
50%
DP Luminocanon 430
50%
OA Malédiction 174
50%
RB Météores 129
50%
RB Morphing 144
50%
RS Ocroupi 330
50%
RB Onde Folie 109
50%
OA Picots 191
50%
RB Poudre Toxik 77
50%
OA Puissance Cachée 237
50%
RB Repos 156
50%
OA Retour 216
50%
OA Roue de Feu 172
50%
DP Spatio-Rift 460
50%
OA Toile 169
50%
NB Vent Violent 542
50%
RS Vibraqua 352
50%
OA Ailes d'Acier 211
45%
OA Bombe Beurk 188
45%
RB Bouclier 112
45%
DP Boutefeu 394
45%
RB Buée Noire 114
45%
NB Change Éclair 521
45%
OA Charme 204
45%
RB Choc Mental 93
45%
NB Choc Psy 473
45%
RB Clonage 164
45%
NB Coqui-Lame 534
45%
RB Coup d'Boule 29
45%
RB Danse Flammes 83
45%
SL Dark Lariat
45%
DP Demi-Tour 369
45%
RS Draco-Griffe 337
45%
RB Draco-Rage 82
45%
OA Draco-Souffle 225
45%
DP Ébullilave 436
45%
NB Éclair Fou 528
45%
DP Éclats Glace 420
45%
RB Écume 145
45%
RS Éruption 284
45%
DP Escalade 431
45%
RS Étonnement 310
45%
RS Feuille Magik 345
45%
OA Feu Sacré 221
45%
RB Frappe Atlas 69
45%
RB Furie 31
45%
DP Giga Impact 416
45%
RB Hâte 97
45%
DP Jugement 449
45%
NB Lame Sainte 533
45%
RB Léchouille 122
45%
RS Mégaphone 304
45%
RB Métronome 118
45%
NB Nitrocharge 488
45%
RB Picpic 64
45%
RB Pied Voltige 136
45%
RB Piqué 143
45%
DP Plaie Croix 404
45%
OA Prescience 248
45%
RB Reflet 104
45%
DP Revenant 467
45%
OA Ronflement 173
45%
OA Rune Protect 219
45%
RS Sabotage 282
45%
RS Stalactite 333
45%
DP Tête de Fer 442
45%
OA Tour Rapide 229
45%
DP Tranche-Nuit 400
45%
NB Tricherie 492
45%
NB Vengeance 514
45%
OA Vent Glace 196
45%
RS Vœu 273
45%
RB Acidarmure 151
41%
RB Amnésie 133
41%
DP Aurasphère 396
41%
RS Avale 256
41%
EB Ballon Brûlant
41%
XY Bang Sonique 586
41%
RS Brouhaha 253
41%
RB Brume 54
41%
NB Calcination 510
41%
RS Casse-Brique 280
41%
XY Célébration 606
41%
OA Coud'Boue 189
41%
RS Coup d'Main 270
41%
NB Coup Victoire 557
41%
NB Cradovague 482
41%
RB Cyclone 18
41%
RB Damoclès 38
41%
RS Danse Folle 298
41%
DP Distorsion 433
41%
RB Double Pied 24
41%
ROSA Draco-Ascension 620
41%
N2B2 Éclair Gelé 553
41%
RB Écrasement 23
41%
RS Électacle 344
41%
DP Exploforce 411
41%
RB Gaz Toxik 139
41%
RS Glaciation 329
41%
RS Gonflette 339
41%
RB Groz'Yeux 43
41%
DP Lame d'Air 403
41%
SL Lame Solaire
41%
OA Lien du Destin 194
41%
RB Ligotage 35
41%
DP Machination 417
41%
DP Martobois 452
41%
XY Mort'Ailes 613
41%
ROSA Onde Originelle 618
41%
OA Ouragan 239
41%
DP Pisto-Poing 418
41%
RB Plaquage 34
41%
RS Plénitude 347
41%
DP Poison Croix 440
41%
RS Racines 275
41%
RB Rafale Psy 60
41%
DP Rayon Gemme 408
41%
OA Siphon 250
41%
RS Stockage 254
41%
DP Tempête Verte 437
41%
OA Voile Miroir 243
41%
RB Abîme 90
36%
OA Aéroblast 177
36%
NB Aire d'Eau 518
36%
NB Aire de Feu 519
36%
DP Anti-Brume 432
36%
SL Aqua-Brèche
36%
SL Aria de l'Écume
36%
NB Balayette 490
36%
RS Ball'Météo 311
36%
RB Berceuse 47
36%
RS Bluff 252
36%
DP Boue-Bombe 426
36%
RB Brouillard 108
36%
RS Camouflage 293
36%
DP Canon Graine 402
36%
NB Chant Canon 496
36%
NB Chute Glace 556
36%
OA Cognobidon 187
36%
DP Coup Bas 389
36%
DP Coup d'Jus 435
36%
NB Danse du Feu 552
36%
RB Dard-Nuée 42
36%
DP Direct Toxik 398
36%
OA Doux Baiser 186
36%
OA Doux Parfum 230
36%
OA Dynamo-Poing 223
36%
RS Échange 285
36%
NB Écho 497
36%
NB Éclair Croix 559
36%
RB E-Coque 135
36%
DP Éco-Sphère 412
36%
OA Élécanon 192
36%
NB Enroulement 489
36%
ISA Esprit Frappeur
36%
RB Étreinte 20
36%
ISA Explo-Brume
36%
RS Extrasenseur 326
36%
NB Exuviation 504
36%
NB Feu d'Enfer 517
36%
SL Feuillage
36%
RS Force Cosmique 322
36%
OA Frustration 218
36%
XY Géo-Contrôle 601
36%
EB Gladius Maximus
36%
RB Grincement 103
36%
RS Hydroblast 308
36%
XY Jet de Vapeur 592
36%
RB Jet-Pierres 88
36%
ROSA Lame Pangéenne 619
36%
OA Larcin 168
36%
OA Mach Punch 183
36%
RB Mania 37
36%
DP Marto-Poing 359
36%
OA Mégacorne 224
36%
DP Mégafouet 438
36%
RB Mimi-Queue 39
36%
RB Ombre Nocturne 101
36%
DP Ombre Portée 425
36%
NB Papillodanse 483
36%
RS Paresse 303
36%
RS Par Ici 266
36%
DP Picore 365
36%
RB Pied Sauté 26
36%
RB Poing Karaté 2
36%
RS Poing Ombre 325
36%
DP Psykoud'Boul 428
36%
RS Queue-Poison 342
36%
RS Recyclage 278
36%
OA Regard Noir 212
36%
RB Repli 110
36%
RB Riposte 68
36%
RB Sécrétion 81
36%
XY Sheauriken 594
36%
RB Souplesse 21
36%
RS Surpuissance 276
36%
OA Taillade 210
36%
RB Télékinésie 134
36%
DP Telluriforce 414
36%
RS Tir de Boue 341
36%
SL Tisse Ombre
36%
NB Toile Élek 527
36%
DP Trou Noir 464
36%
RB Ultimapoing 5
36%
DP Vampi-Poing 409
36%
OA Vantardise 207
36%
DP Vent Arrière 366
36%
DP Vibrobscur 399
36%
DP Vœu Soin 361
36%
XY Voix Enjôleuse 574
36%
DP Vortex Magma 463
36%
NB Aboiement 555
32%
EB Aegis Maxima
32%
NB Aiguisage 468
32%
OA Ampleur 222
32%
DP Anneau Hydro 392
32%
LPA Aquatacle
32%
DP Assurance 372
32%
RB Balayage 67
32%
RB Bec Vrille 65
32%
EB Big Splash
32%
SL Blockhaus
32%
XY Bouclier Royal 588
32%
RB Boul'Armure 111
32%
RS Boule Roc 350
32%
XY Camaraderie 589
32%
EB Canon Dynamax
32%
XY Champ Brumeux 581
32%
XY Champ Électrifié 604
32%
NB Charge Foudre 550
32%
NB Choc Venin 474
32%
SL Clepto-Mânes
32%
RB Constriction 132
32%
OA Contre 179
32%
DP Coup Double 458
32%
RB Coupe-Vent 13
32%
RB Danse Fleurs 80
32%
XY Dernier Mot 575
32%
OA Détection 197
32%
EB Dracacophonie
32%
EB Draco-Flèches
32%
ISA Eau Revoir
32%
RB Empal'Korne 32
32%
OA Faux-Chage 206
32%
XY Feu Ensorcelé 595
32%
N2B2 Feu Glacé 554
32%
NB Flamme Bleue 551
32%
NB Flamme Croix 558
32%
XY Flying Press 560
32%
XY Force Chtonienne 616
32%
DP Forte-Paume 395
32%
SL Fouet de Feu
32%
NB Frappe Psy 540
32%
NB Garde Large 469
32%
RS Giclédo 323
32%
ISA Gliss'Herbe
32%
DP Gravité 356
32%
OA Griffe Acier 232
32%
OA Grimace 184
32%
DP Gyroballe 360
32%
DP Hydro-Queue 401
32%
NB Lame Ointe 548
32%
RS Lance-Boue 300
32%
RB Lilliput 107
32%
RS Mitra-Poing 264
32%
SL Myria-Flèches
32%
SL Myria-Vagues
32%
EV Neigeux de Mots
32%
DP Nœud Herbe 447
32%
RB Osmerang 155
32%
RB Patience 117
32%
XY Pico-Défense 596
32%
NB Piétisol 523
32%
RB Pince-Masse 152
32%
DP Piqûre 450
32%
RS Poing Météore 309
32%
DP Poliroche 397
32%
OA Poudreuse 181
32%
OA Pouvoir Antique 246
32%
DP Presse 462
32%
RS Provoc 269
32%
RS Rafale Feu 307
32%
OA Rayon Lune 236
32%
SL Rayon Spectral
32%
RB Regard Médusant 137
32%
RS Relâche 255
32%
DP Réveil Forcé 358
32%
DP Ruse 364
32%
RB Sacrifice 66
32%
RB Sonic Boom 49
32%
OA Spore Coton 178
32%
RS Surchauffe 315
32%
NB Survinsecte 522
32%
OA Synthèse 235
32%
NB Tacle Lourd 484
32%
EB Tambour Battant
32%
EB Tir de Précision
32%
XY Toile Gluante 564
32%
ISA Torrent de Coups
32%
RS Tourniquet 346
32%
ISA Triple Axel
32%
OA Triple Pied 167
32%
RB Ultimawashi 25
32%
RB Vampirisme 141
32%
RS Vent Argenté 318
32%
NB Vibra Soin 505
32%
SL Vif Roc
32%
RS Vœu Destructeur 353
32%
SL Voile Aurore
32%
NB Zone Étrange 472
32%
NB Anti-Air 479
27%
NB Après Vous 495
27%
RS Aromathérapie 312
27%
SL Arrogance
27%
LPA Assaut Frontal
27%
RS Assistance 274
27%
DP Astuce Force 379
27%
OA Aurore 234
27%
RS Ball'Brume 296
27%
RS Ball'Glace 301
27%
RS Barrage 335
27%
OA Baston 251
27%
NB Bombe Acide 491
27%
OA Boost 244
27%
EB Branchicrok
27%
SL Canon Floral
27%
OA Cauchemar 171
27%
SL Cavalerie Lourde
27%
SL Centrifugifle
27%
XY Champ Herbu 580
27%
SL Champ Psychique
27%
EB Change-Côté
27%
NB Chant Antique 547
27%
EV Chant Flamboyant
27%
EV Charge Glaive
27%
OA Charge Os 198
27%
RS Chargeur 268
27%
NB Châtiment 506
27%
SL Choc Météore
27%
NB Chute Libre 507
27%
OA Clairvoyance 193
27%
RS Cogne 292
27%
OA Coup Croix 238
27%
RB Croc de Mort 158
27%
RB Croc Fatal 162
27%
SL Danse Éveil
27%
DP Danse Lune 461
27%
RS Danse Plumes 297
27%
OA Dépit 180
27%
NB Détrempage 487
27%
DP Détricanon 441
27%
RB Détritus 124
27%
NB Double Baffe 530
27%
RB Double Dard 41
27%
RS Éclate Griffe 306
27%
RS Effort 283
27%
OA Encore 227
27%
RB Entrave 50
27%
NB Ère Glaciaire 549
27%
XY Éructation 562
27%
SL Flamme Ultime
27%
DP Fracass'Tête 457
27%
XY Frotte-Frimousse 609
27%
DP Fulmigraine 465
27%
ROSA Furie Dimension 621
27%
XY Halloween 567
27%
XY Harcèlement 611
27%
RB Jackpot 6
27%
EB Joute Astrale
27%
OA Lait à Boire 208
27%
TEC Lance de Glace
27%
EB Laser Infinimax
27%
ISA Laser Météore
27%
SL Laser Prisme
27%
RS Lumi-Éclat 295
27%
XY Lyophilisation 573
27%
SL Marteau de Glace
27%
RB Massd'Os 125
27%
EB Métalaser
27%
ISA Monte-Tension
27%
RB Onde Boréale 62
27%
DP Passe-Passe 415
27%
NB Peignée 543
27%
DP Photocopie 383
27%
USUL Photo-Geyser
27%
NB Phytomixeur 536
27%
USUL Plasma Punch
27%
NB Plumo-Queue 541
27%
XY Poing Boost 612
27%
ISA Poing Obscur
27%
RS Possessif 286
27%
NB Prévention 501
27%
EB Prise de Bec
27%
RS Psycho-Boost 354
27%
ISA Ravage Rampant
27%
DP Rayon Chargé 451
27%
RS Rayon Signal 324
27%
NB Rebondifeu 481
27%
RS Régénération 287
27%
NB Rengorgement 526
27%
OA Requiem 195
27%
DP Roc-Boulet 439
27%
EB Roue Libre
27%
DP Séduction 445
27%
RS Stratopercut 327
27%
NB Tacle Feu 535
27%
EB Tapotige
27%
NB Techno Buster 546
27%
SL Trépignement
27%
NB Tunnelier 529
27%
RB Ultrason 48
27%
RB Vague Psy 149
27%
LPA Vagues à Lames
27%
RS Végé-Attaque 338
27%
SL Vibrécaille
27%
SL Vole-Force
27%
NB Zone Magique 478
27%
EB Abattage
23%
NB Acrobatie 512
23%
NB Aire d'Herbe 520
23%
NB À la Queue 511
23%
DP Appel Attaque 454
23%
DP Appel Défense 455
23%
DP Appel Soins 456
23%
EB Blocage
23%
RB Bombe Œuf 121
23%
RS Canicule 257
23%
ISA Champlification
23%
RB Conversion 160
23%
OA Conversion 2 176
23%
NB Copie-Type 513
23%
RS Croco Larme 313
23%
EV Cryo-Pirouette
23%
EV Danse Aquatique
23%
DP Dégommage 374
23%
SL Électrikipik
23%
XY Électrisation 582
23%
SL Estocorne
23%
LGPE Évo-Flambo
23%
NB Explonuit 539
23%
RS Façade 263
23%
OA Feinte 185
23%
RS Flair 316
23%
RS Flatterie 260
23%
NB Force Ajoutée 500
23%
RS Force Cachée 290
23%
RB Force Poigne 11
23%
EV Génusection
23%
OA Gigotage 175
23%
OA Glas de Soin 215
23%
OA Gribouille 166
23%
LPA Griffes Funestes
23%
RB Grobisou 142
23%
SL Ire de la Nature
23%
NB Lévikinésie 477
23%
OA Lire-Esprit 170
23%
EV Magie Florale
23%
XY Maléfice Sylvain 571
23%
ISA Métalliroue
23%
EV Nitro Crash
23%
EB Normalomax
23%
DP Onde Vide 410
23%
XY Orage Adamantin 591
23%
XY Parabocharge 570
23%
DP Permuforce 384
23%
DP Permugarde 385
23%
SL Permuvitesse
23%
RS Pied Brûleur 299
23%
LGPE Pika-Splash
23%
RB Pilonnage 140
23%
RS Poing Dard 302
23%
EV Poing Sonique
23%
NB Poudre Fureur 476
23%
NB Projection 509
23%
EV Prolifération
23%
DP Punition 386
23%
RB Purédpois 123
23%
EV Queulonage
23%
ISA Rafale Écailles
23%
RS Rancune 288
23%
XY Regard Touchant 608
23%
DP Représailles 371
23%
SL Sanction Suprême
23%
ISA Selve Salvatrice
23%
RS Siffl'Herbe 320
23%
NB Souffle Glacé 524
23%
RS Strido-Son 319
23%
NB Synchropeine 485
23%
XY Tempête Florale 572
23%
OA Ténacité 203
23%
RB Torgnoles 3
23%
RS Tourbi-Sable 328
23%
RS Tour de Magie 271
23%
NB Tout ou Rien 515
23%
RS Tranch'Air 314
23%
EV Tranch'Aqua
23%
RB Triplattaque 161
23%
XY TrouDimensionnel 593
23%
LPA Typhon Hivernal
23%
RB Uppercut 146
23%
XY Vampibaiser 577
23%
DP Vent Mauvais 466
23%
XY Verrou Enchanté 587
23%
OA Verrouillage 199
23%
EB Acide Malique
18%
EB Aéromax
18%
LPA Ailes Psycho
18%
NB Allègement 475
18%
SL Amass'Sable
18%
DP Anti-Soin 377
18%
DP Atout 376
18%
NB Attrition 498
18%
DP Babil 448
18%
NB Bain de Smog 499
18%
OA Balance 220
18%
SL Boule Pollen
18%
USUL Caboche-Kaboum
18%
EB Choc Émotionnel
18%
EV Chute de Neige
18%
RB Claquoir 128
18%
LPA Cœur de Rancœur
18%
OA Corps Perdu 233
18%
NB Cotogarde 538
18%
RB Coud'Krâne 130
18%
TEC Coup Fulgurant
18%
SL Coup Varia-Type
18%
EV Crash Magique
18%
RS Crochet Venin 305
18%
RB Croissance 74
18%
XY Dard Mortel 565
18%
DP Dernier Recours 387
18%
EV Double Laser
18%
SL Draco-Marteau
18%
TEC Éclat Spectral
18%
LGPE Écrous d'Poing
18%
DP Embargo 373
18%
NB Encornebois 532
18%
SL Escarmouche
18%
LGPE Évo-Écolo
18%
LGPE Évo-Ténébro
18%
LGPE Évo-Thalasso
18%
SL Exécu-Son
18%
EB Force G
18%
RS Force Nature 267
18%
SL Furie-Bond
18%
EB Goudronnage
18%
EV Grand Nettoyage
18%
RS Grondement 336
18%
LPA Hache de Pierre
18%
EV Hydrovapeur
18%
EV Hyperceuse
18%
RS Implore 343
18%
NB Incendie 545
18%
RB Koud'Korne 30
18%
EV Lame en Peine
18%
DI Lame Tachyonique
18%
NB Lancécrou 544
18%
XY Lumière du Néant 617
18%
RS Lumi-Queue 294
18%
RB Lutte 165
18%
EV Marteau Mastoc
18%
DP Moi d'Abord 382
18%
RS Onde de Choc 351
18%
EB Overdrive
18%
NB Partage Force 471
18%
NB Partage Garde 470
18%
DP Permucœur 391
18%
RB Picanon 131
18%
XY Piège de Venin 599
18%
LGPE Pika-Sprint
18%
RB Poing Comète 4
18%
OA Poursuite 228
18%
LPA Prière Lunaire
18%
SL Psycho-Croc
18%
EB Pugilomax
18%
EB Pyromax
18%
NB Rayon Simple 493
18%
RS Reflet Magik 277
18%
OA Relais 226
18%
EV Ruée d'Or
18%
DP Soucigraine 388
18%
RS Souvenir 262
18%
EB Spectromax
18%
XY Tatamigaeshi 561
18%
EV Téra Explosion
18%
EB Thérémonie
18%
RS Tourmente 259
18%
EV Turbo Volt
18%
LPA Typhon Fulgurant
18%
LPA Typhon Passionné
18%
LPA Typhon Pyrosable
18%
EB Ultime Bastion
18%
RS Vendetta 279
18%
DI Vif Éclair
18%
DP Vol Magnétik 393
18%
TEC Voltageôle
18%
RB Yoga 96
18%
DP Acupression 367
14%
SL Ancrage
14%
LPA Bise Glaciaire
14%
EV Bond
14%
SL Botte Sucrette
14%
NB Bulldoboule 537
14%
SL Carapiège
14%
EV Cataclysme
14%
RS Chatouille 321
14%
NB Chgt Vitesse 508
14%
ISA Coaching
14%
XY Confidence 590
14%
LPA Cortège Funèbre
14%
EV Crash Obscur
14%
EV Crash Toxique
14%
NB Crève-Cœur 531
14%
EB Croque Fort
14%
XY Déluge Plasmique 569
14%
EV Désherbaffe
14%
DP Don Naturel 363
14%
ISA Double Volée
14%
TEC Draco-Énergie
14%
EB Dracomax
14%
DP Échange Psy 375
14%
SL Engrenage
14%
DP Essorage 378
14%
XY Étrennes 603
14%
LGPE Évo-Congélo
14%
LGPE Évo-Psycho
14%
LPA Extravaillance
14%
ISA Feu Envieux
14%
SL Fil Toxique
14%
EB Fontaine de Vie
14%
LPA Force Mystique
14%
EB Fourbette
14%
RB Frénésie 99
14%
DP Fulmifer 368
14%
TEC Fureur Ardente
14%
EB Garde-à-Joues
14%
EB Gardomax
14%
EB Hantise G-Max
14%
LPA Herblast
14%
EB Hydromax
14%
EB Insectomax
14%
ISA Kokiyarme
14%
EB Lithomax
14%
XY Magné-Contrôle 602
14%
RB Mawashi Geri 27
14%
EB Métallomax
14%
LPA Multitoxik
14%
LPA Mur Fumigène
14%
EB Nappage
14%
XY Nuée de Poudre 600
14%
OA Octazooka 190
14%
EB Octoprise
14%
SL Os Ombre
14%
NB Passe-Cadeau 516
14%
EB Phytomax
14%
EV Piège de Fil
14%
LGPE Pika-Fracas
14%
LGPE Pika-Piqué
14%
EV Poing de Colère
14%
EB Poudre Magique
14%
XY Râle Mâle 568
14%
TEC Regard Glaçant
14%
XY Renversement 576
14%
XY Retenue 610
14%
ISA Sable Ardent
14%
RS Saisie 289
14%
DP Saumure 362
14%
RS Stimulant 265
14%
DP Suc Digestif 380
14%
NB Ten-Danse 494
14%
EV Toupie Éclat
14%
EB Toxinomax
14%
LPA Triple Flèche
14%
ISA Vaste Pouvoir
14%
XY Vent Féérique 584
14%
XY Vigilance 578
14%
NB Yama Arashi 480
14%
RB Affûtage 159
9%
DP Air Veinard 381
9%
SL Apocalypse Gigalithique
9%
USUL Apocalypsis Luminis
9%
XY Brume Capiteuse 597
9%
EV Canon Blindé
9%
ISA Cent Rancunes
9%
SL Cocon Fatal
9%
SL Colère du Gardien d'Alola
9%
SL Combo Hyper-Furie
9%
EB Cryomax
9%
LPA Danse Victoire
9%
EV Décharnement
9%
DI Dissonance Psy
9%
EV Double Décharge
9%
USUL Dracacophonie Flamboyante
9%
LPA Échange Force
9%
EB Enchantomax
9%
LGPE Évo-Chardasso
9%
LGPE Évo-Dynamo
9%
LGPE Évo-Fabulo
9%
XY Fertilisation 563
9%
EB Fournaise G-Max
9%
XY Garde Florale 579
9%
SL Gare au Ronflex
9%
ISA Gaz Corrosif
9%
SL Giga-Tonnerre
9%
EV Habanerage
9%
USUL Hurlement des Roches-Lames
9%
SL Impact Choupinova
9%
NB Interversion 502
9%
EV Lame Psychique
9%
SL Laser Cryogénique
9%
XY Mains Jointes 607
9%
DP Miroi-Tir 429
9%
DP Œil Miracle 357
9%
USUL Patati-Patattrape
9%
SL Pétalexplosion Éblouissante
9%
SL Pikachute Foudroyante
9%
SL Piqué Supersonique
9%
EV Plat du Jour
9%
DI Prio-Parade
9%
SL Projecteur
9%
EB Psychomax
9%
SL Purification
9%
SL Pyro-Explosion Cataclysmique
9%
EV Salaison
9%
EV Second Souffle
9%
EB Sinistromax
9%
EB Sismomax
9%
SL Soin Floral
9%
SL Sommation
9%
TEC Sort Sinistre
9%
LPA Sprint Bouclier
9%
SL Symphonie des Ondines
9%
EV Taurogne
9%
EV Triple Plongeon
9%
EB Troquenard
9%
SL Trou Noir des Ombres
9%
SL Turbo-Charge Bulldozer
9%
SL Vrille Maximum
9%
SL Affilage
5%
SL Appel des Ombres Éternelles
5%
SL Bec-Canon
5%
DP Bombe Aimant 443
5%
EB Bulles G-Max
5%
EB Câlin G-Max
5%
ISA Canonnade G-Max
5%
SL Chaos Draconique
5%
EB Choc G-Max
5%
EB Combustion G-Max
5%
EB Corrosion G-Max
5%
ISA Coup Final G-Max
5%
EV Crash Brûlant
5%
EV Crash Musclé
5%
EB Cure G-Max
5%
SL Dark Body Press
5%
EV Décalquage
5%
SL Déluge Causti-Toxique
5%
EV Dérapage
5%
EV Douche Froide
5%
SL Électro-Surf Survolté
5%
EB Enlisement G-Max
5%
SL Éruption Géo-Sismique
5%
SL Fauche-Âme des Sept Étoiles
5%
EB Fonte G-Max
5%
EB Foudre G-Max
5%
EB Frappe G-Max
5%
SL Fulguro-Lance Gigavolt
5%
EB Fulguromax
5%
SL Fureur des Plumes Spectrales
5%
ISA Gâchette G-Max
5%
LPA Grand Courroux
5%
USUL Hélio-Choc Dévastateur
5%
EV Hommage Posthume
5%
EB Illusion G-Max
5%
RS Imitation 272
5%
SL Larme à l'Œil
5%
EV Lumino-Impact
5%
ISA Multicoup G-Max
5%
EB Nectar G-Max
5%
XY Ondes Étranges 598
5%
EB Ondes G-Max
5%
EB Pactole G-Max
5%
ISA Percussion G-Max
5%
EB Pestilence G-Max
5%
ISA Pyroball G-Max
5%
EB Rafale G-Max
5%
USUL Rayons Séléno-Explosifs
5%
EB Récif G-Max
5%
EB Récolte G-Max
5%
EB Résonance G-Max
5%
EB Sentence G-Max
5%
SL Super Tourbillon Abyssal
5%
EV Talon-Marteau
5%
EB Téphra G-Max
5%
EB Usure G-Max
5%
EB Vapeur Féérique
5%
EV Vindicte
5%
ISA Fouet G-Max
0%
SL Neuf pour Un
0%
EB Percée G-Max
0%
SL Psycho-Pulvérisation EX
0%
SL Supernova Originelle
0%
EB Torpeur G-Max
0%
Aucun quiz correspondant
Distribution des résultats
% des personnes avec chaque résultat
Percentile par nombre de réponses
Votre historique - résultats
Vous n’avez pas pris ce quiz depuis la dernière actualisation